South Eastern Kenya University

Library Online Public Access Catalogue


Air transportation : (Record no. 7135)

MARC details
000 -LEADER
fixed length control field 00474pam a2200157 a 4500
020 ## - INTERNATIONAL STANDARD BOOK NUMBER
International Standard Book Number 0534100325
050 00 - LIBRARY OF CONGRESS CALL NUMBER
Classification number HE9781
Item number .W45 1989
100 1# - MAIN ENTRY--PERSONAL NAME
Personal name Wells, Alexander T.
245 10 - TITLE STATEMENT
Title Air transportation, a management perspective /
Statement of responsibility, etc. Alexander T. Wells.
250 ## - EDITION STATEMENT
Edition statement 2nd ed.
260 ## - PUBLICATION, DISTRIBUTION, ETC. (IMPRINT)
Place of publication, distribution, etc. Belmont, Calif. :
Name of publisher, distributor, etc. Wadsworth Pub. Co.,
Date of publication, distribution, etc. c1989.
300 ## - PHYSICAL DESCRIPTION
Extent xx, 556 p. :
500 ## - GENERAL NOTE
General note Includes index.
650 ## - SUBJECT ADDED ENTRY--TOPICAL TERM
General subdivision Airlines -- management ;
-- Aeronautics, commercial.
942 ## - ADDED ENTRY ELEMENTS (KOHA)
Source of classification or shelving scheme Library of Congress Classification
Koha item type General circulation
Holdings
Withdrawn status Lost status Source of classification or shelving scheme Damaged status Not for loan Home library Current library Shelving location Date acquired Source of acquisition Cost, normal purchase price Total Checkouts Full call number Barcode Date last seen Cost, replacement price Koha item type Public note
    Library of Congress Classification     Main Campus Library Main Campus Library General Stacks 24/07/2015 Donation - Books for Africa 9406.00   HE 9781 .W45 1989 2015/004493 24/07/2015 10346.00 General circulation Nzk
Kitui, Kenya.
+254736116989
library@seku.ac.ke